LEADER 01094nam a2200277 i 4500 001 000000149337 003 CaOOAMICUS 005 20230918140119.0 008 060330s1947 it u000 u ita u 013 $a126657 040 $aSeMil$bita 100 1 $aTorelli, Giuseppe <1816-1866>.$0(OLS)http://semarc/name/37484 245 10$aEttore Santo :$bracconto autobiografico /$cGiuseppe Torelli ; a cura di Giorgio Petrocchi. 260 $aFirenze :$bLe Monnier,$c1947. 300 $a338 p. ;$c17 cm. 490 0 $aCollezione in ventiquattresimo 500 $aFondo Ciprandi. 700 1 $aPetrocchi, Giorgio,$d<1921-1989>.$0(OLS)http://semarc/name/4945 830 0$aCollezione in ventiquattresimo.$0(OLS)http://semarc/title/12836 850 $aSeMil 852 $aSeMil$W1$xVenegono$y1$m1D I 115$j101601$B101601$CSeMilBibl$Z2$F110264 $81 941 1 $a1 961 $aOmaggio: Ciprandi dott. Paolo 996 $6245$aEttore Santo :$bracconto autobiografico$9(OLS)http://semarc/title/218309 996 $6260$aFirenze :$bLe Monnier$9(OLS)http://semarc/publisher/30060 LEADER 01373nam a2200301 4500 001 000000358024 003 CaOOAMICUS 005 20240611140703.0 008 240415s1991 it 000 u mul r 020 $a88-17-16762-2 040 $aSeMil$bita 245 02$aI presocratici :$btestimonianze e frammenti da Talete a Empedocle /$ccon un saggio di Walther Kranz ; a cura di Alessandro Lami. 264 1$aMilano :$bBiblioteca Universale Rizzoli,$c1991. 300 $a602 p. ;$c18 cm 490 1 $aBUR. L ;$v762 546 $aTesto greco a fronte 650 4$aFilosofia antica - Antologie.$0(OLS)http://semarc/subject/13480 650 4$aPresocratici.$0(OLS)http://semarc/subject/352 700 1 $aLami, Alessandro,$d<1949-2015>.$0(OLS)http://semarc/name/32771 700 1 $aKranz, Walther,$d<1884-1960>.$0(OLS)http://semarc/name/5526 830 0$aBUR ;$v762.$0(OLS)http://semarc/title/440060 850 $aSeMil 852 $aSeMil$W1$xVenegono$y1$m2P I 1013$j248891$B249145$CSeMilBibl$Z2$F249145 $81 961 $aCitrini don Tullio - Omaggio 996 $6020$a88-17-16762-2$9(OLS)http://semarc/number/300227 996 $6245$aI presocratici :$btestimonianze e frammenti da Talete a Empedocle$9(OLS)http://semarc/title/448297 996 $6264$aMilano :$bBiblioteca Universale Rizzoli$9(OLS)http://semarc/publisher/31907